| 000 | 00628nam a22002057a 4500 | ||
|---|---|---|---|
| 003 | OSt | ||
| 005 | 20140310183049.0 | ||
| 008 | 130227t xxu||||| |||| 00| 0 eng d | ||
| 020 | _a9712305562 | ||
| 050 |
_aPL6054 _b.B426 2004 |
||
| 082 |
_aF808.0427 _b.G14 2004 |
||
| 245 |
_aGamiting Filipino pagbasa at komposisyon : _baklat para sa Filipino 1-pandalubhasaan at pampamantasan / _cBelvez, Paz M. ... [et al.]. : |
||
| 260 |
_aManila : _bRex Book Store, _c2004 |
||
| 300 |
_avii, 266 p. _bill. _c22 cm |
||
| 521 | _aCollege students | ||
| 526 | _c1210L-1700L | ||
| 541 | _j1 | ||
| 562 | _e1 | ||
| 942 |
_2lcc _cBK _kFIL |
||
| 999 |
_c18630 _d18630 |
||